00729nam a2200217Ia 450000500170000000800410001702000220005804000190008004100120009908200150011110000170012624501390014326000280028230000170031065000260032770000220035385000100037594200070038599900170039295201020040920230429161752.0131103s9999 xx 000 0 und d a230014208cRs 195 aLoreto College aEnglish a650.1bKOT aKotter, John aOur iceberg is meltingb Changing and succeeding under any conditions cJohn Kotter and Holger Rathgeber with artwork by Peter Mueller aLondonbMacmillanc2006 ax,147pb ill aOrganizational Change aRathgeber, Holger aLCLIB cBK c14937d65416 00102ddc4070aMAINbMAINd2013-11-04l0o650.1 KOT 44962pB14979r2013-11-04w2013-11-04yBKf